| 000 | 00883nam a22002177a 4500 | ||
|---|---|---|---|
| 003 | BD-DhJNU | ||
| 005 | 20260218051457.0 | ||
| 008 | 260218b |||||||| |||| 00| 0 eng d | ||
| 020 | _a8184370466 | ||
| 040 |
_aBD-DhJNU _bENG _cBD-DhJNU _dBD-DhJNU |
||
| 082 |
_223 _a891.442 MUN |
||
| 100 | _aমুখোপাধ্যায়, দুর্গাশঙ্কর | ||
| 242 |
_aStudies in ডramaturgy / _cDr. Durgashankar Mukhopadhyay |
||
| 245 |
_aনাট্যতত্ত্ব বিচার / _cড. দুর্গাশঙ্কর মুখোপাধ্যায় |
||
| 246 | _aNattyototto bichar / | ||
| 260 |
_aকলিকাতা : _bকরুণা প্রকাশনী, _c2010. |
||
| 300 |
_a ৩৩৬ পৃ. : _bচিত্র ; _c২২ সেমি.। |
||
| 650 | _aবাংলা নাটক | ||
| 650 | _a Bengali Drama | ||
| 942 |
_2ddc _cBK _n0 |
||
| 999 |
_c2628 _d2628 |
||